Aj informácia je službou pre občana
Hodnotenie ekonomických a sociálnych opatrení (HESO) v regiónoch Slovenska. Hodnotenie za obdobie január - marec 2006. Zverejnenie výsledkov, ktoré prezentujú názor odbornej verejnosti na dôležité lokálne opatrenia ekonomicko-sociálneho charakteru ovplyvňujúce kvalitu života občanov. Po prvýkrát sú...
Saved in:
| Format: | Book Chapter |
|---|---|
| Language: | Slovak |
| Subjects: | |
| Tags: |
No Tags, Be the first to tag this record!
|
MARC
| LEADER | 00000naa$a2200000$$$4500 | ||
|---|---|---|---|
| 001 | 0045555 | ||
| 005 | 20231016084936.8 | ||
| 041 | 0 | |a slo | |
| 044 | |a SK | ||
| 245 | 1 | 0 | |a Aj informácia je službou pre občana |
| 520 | |a Hodnotenie ekonomických a sociálnych opatrení (HESO) v regiónoch Slovenska. Hodnotenie za obdobie január - marec 2006. Zverejnenie výsledkov, ktoré prezentujú názor odbornej verejnosti na dôležité lokálne opatrenia ekonomicko-sociálneho charakteru ovplyvňujúce kvalitu života občanov. Po prvýkrát sú komentáre hodnotiacej komisie obohatené aj o priame citáty vybraných hodnotiteľov. | ||
| 610 | 2 | 0 | |a reformy hospodárske |
| 610 | 2 | 0 | |a reformy sociálne |
| 610 | 2 | 0 | |a regióny |
| 610 | 2 | 0 | |a Slovensko |
| 610 | 2 | 0 | |a informácie |
| 610 | 2 | 0 | |a január-marec |
| 610 | 2 | 0 | |a 2006 |